[Event "Noisiel 5th op"]
[Site "Noisiel"]
[Date "2020.02.18"]
[Round "5"]
[White "Brehaut, Carl"]
[Black "Dorval, Olivier"]
[Result "1-0"]
[WhiteElo "1918"]
[BlackElo "1883"]
[PlyCount "65"]
[EventDate "2020.02.15"]
[EventType "swiss"]
[EventRounds "9"]
[EventCountry "FRA"]

{[%evp 0,45,25,25,35,-23,44,41,34,30,38,32,32,13,13,13,10,11,12,21,5,-19,-19,
-19,-14,-26,-17,-33,-17,-17,43,39,36,28,24,41,40,6,0,-4,0,-30,-30,-86,13,-20,
125,30]} 1. d4 e6 2. c4 f5 3. Nc3 Nf6 4. Bg5 Bb4 5. Nf3 b6 6. e3 Bb7 7. Be2 O-O
8. Qb3 Bxc3+ 9. Qxc3 d6 10. b4 a5 11. b5 Nbd7 12. Qb2 Qe8 13. Bf4 Rc8 14. h3 e5
15. dxe5 dxe5 16. Nxe5 Bxg2 17. Rg1 Bxh3 18. O-O-O Nxe5 19. Bxe5 Qe7 20. Rg3
Bg4 21. Rdg1 Nh5 22. R3g2 Rfe8 23. Bd4 c5 24. bxc6 Rxc6 25. f3 Bxf3 26. Bxf3
Rxc4+ 27. Kb1 Rb4 28. Bd5+ Kf8 29. Bb3 a4 30. Bxg7+ Nxg7 31. Rxg7 Qe4+ 32. Ka1
Qe5 33. Rf7# 1-0

[Event "Noisiel 5th op"]
[Site "Noisiel"]
[Date "2020.02.18"]
[Round "6"]
[White "Enchev, Ivajlo"]
[Black "Gatineau, Yovann"]
[Result "1/2-1/2"]
[WhiteElo "2496"]
[BlackElo "2381"]
[PlyCount "99"]
[EventDate "2020.02.15"]
[EventType "swiss"]
[EventRounds "9"]
[EventCountry "FRA"]

{[%evp 0,62,19,31,75,71,63,58,61,60,55,55,39,61,48,53,49,45,59,39,50,48,62,26,
64,52,57,50,72,59,67,68,94,67,67,67,61,55,69,60,51,55,55,48,48,39,43,40,44,51,
58,43,43,46,47,47,47,44,59,64,64,56,83,78,86]} 1. d4 f5 2. g3 Nf6 3. Bg2 e6 4.
Nf3 Be7 5. O-O O-O 6. c4 d6 7. b3 Ne4 8. Bb2 Bf6 9. Nbd2 Nc6 10. Qc2 d5 11.
Rad1 Bd7 12. Ne5 Qe7 13. Ndf3 Be8 14. Nxc6 Bxc6 15. Ne5 Bxe5 16. dxe5 dxc4 17.
Qxc4 Rad8 18. Qc1 Rxd1 19. Rxd1 Rd8 20. Rxd8+ Qxd8 21. f3 Ng5 22. Kf2 h6 23.
Qc5 a6 24. Qd4 Nf7 25. Qxd8+ Nxd8 26. e4 fxe4 27. fxe4 a5 28. Ke3 a4 29. Bf1
Kf7 30. b4 b5 31. Kd4 Be8 32. Be2 Nb7 33. Bc1 Kg6 34. h4 Kh7 35. h5 c6 36. Bg4
Bd7 37. Be3 Bc8 38. Kd3 Bd7 39. Bc5 Bc8 40. Bd1 Bd7 41. Kd4 Bc8 42. g4 Bd7 43.
Be7 Bc8 44. Ke3 Bd7 45. a3 Bc8 46. Kf4 Bd7 47. g5 Kg8 48. g6 Bc8 49. Ke3 Bd7
50. Kd4 1/2-1/2

[Event "Noisiel 5th op"]
[Site "Noisiel"]
[Date "2020.02.18"]
[Round "6"]
[White "Maiorov, Nikita"]
[Black "Solodovnichenko, Yuri"]
[Result "1/2-1/2"]
[WhiteElo "2506"]
[BlackElo "2567"]
[PlyCount "20"]
[EventDate "2020.02.15"]
[EventType "swiss"]
[EventRounds "9"]
[EventCountry "FRA"]

{[%evp 0,20,22,14,16,-16,-3,-3,34,49,57,11,36,36,38,36,27,23,20,18,19,18,18]} 
1. d4 d5 2. c4 e6 3. Nf3 c6 4. e3 Nf6 5. b3 Bb4+ 6. Nbd2 Nbd7 7. Bb2 O-O 8. a3
Bd6 9. Bd3 b6 10. O-O Bb7 1/2-1/2

[Event "Noisiel 5th op"]
[Site "Noisiel"]
[Date "2020.02.18"]
[Round "6"]
[White "Nikolov, Momchil"]
[Black "Rostgaard, Tobias Valentin"]
[Result "1-0"]
[WhiteElo "2539"]
[BlackElo "2364"]
[PlyCount "105"]
[EventDate "2020.02.15"]
[EventType "swiss"]
[EventRounds "9"]
[EventCountry "FRA"]

1. d4 Nf6 2. c4 e6 3. Nc3 Bb4 4. Qc2 O-O 5. Nf3 c5 6. dxc5 Na6 7. g3 Nxc5 8.
Bg2 Nce4 9. O-O Nxc3 10. bxc3 Bc5 11. e4 d6 12. e5 dxe5 13. Nxe5 Qe7 14. Qe2
Nd7 15. Nxd7 Bxd7 16. Bxb7 Rab8 17. Bf3 Rfc8 18. Bf4 Bd6 19. Bxd6 Qxd6 20. Rfd1
Qc7 21. Rd4 h6 22. Qd3 Be8 23. Rd1 a5 24. Rb1 Rxb1+ 25. Qxb1 e5 26. Rd5 Qxc4
27. Rxe5 Qxc3 28. Qf5 g6 29. Qf6 Bc6 30. Bxc6 Qxc6 31. Qxc6 Rxc6 32. Rxa5 Rc2
33. h4 h5 34. Kg2 Kg7 35. Kf3 Kf6 36. Ke3 Ke6 37. Ra7 Rc3+ 38. Ke4 Rc2 39. Ra6+
Ke7 40. Ke3 Rb2 41. a4 Ra2 42. a5 Ra4 43. Ra7+ Ke6 44. a6 Kf6 45. Kd3 Ra2 46.
Kc3 Ke6 47. f3 f6 48. Kb4 g5 49. hxg5 fxg5 50. Rh7 h4 51. gxh4 gxh4 52. Rxh4
Kd5 53. Kb5 1-0

[Event "Noisiel 5th op"]
[Site "Noisiel"]
[Date "2020.02.18"]
[Round "6"]
[White "Terrieux, Kevin"]
[Black "Dimitrov, Radoslav"]
[Result "0-1"]
[WhiteElo "2453"]
[BlackElo "2519"]
[PlyCount "110"]
[EventDate "2020.02.15"]
[EventType "swiss"]
[EventRounds "9"]
[EventCountry "FRA"]

1. d4 Nf6 2. Nf3 d5 3. e3 c6 4. c4 e6 5. Nc3 Nbd7 6. Qc2 Bd6 7. Bd3 dxc4 8.
Bxc4 b5 9. Be2 Bb7 10. O-O O-O 11. e4 e5 12. dxe5 Nxe5 13. Nd4 Neg4 14. g3 Bxg3
15. hxg3 Qxd4 16. Qd1 Qxd1 17. Rxd1 Rfe8 18. f3 Ne5 19. Kf2 a5 20. Bf4 Nfd7 21.
Be3 Nf8 22. Rd6 f6 23. Rad1 a4 24. a3 Nf7 25. R6d2 Rad8 26. Bb6 Rxd2 27. Rxd2
Ne5 28. f4 Ned7 29. Be3 Nb8 30. Bf3 Bc8 31. Rd6 Bd7 32. Ba7 Rc8 33. e5 fxe5 34.
fxe5 Kf7 35. Ne4 Ke7 36. Nc5 Bf5 37. Bxb8 Rxb8 38. Rxc6 Nd7 39. Nxd7 Bxd7 40.
Rc7 Rc8 41. Rxc8 Bxc8 42. Ke3 Be6 43. Kd4 Bc4 44. Be4 h6 45. Bf5 h5 46. Bg6 Bf7
47. Bd3 Be8 48. Bc2 g5 49. b3 h4 50. gxh4 gxh4 51. Ke3 h3 52. Kf2 b4 53. bxa4
bxa3 54. Bb1 Bxa4 55. Kg3 Bd7 0-1

[Event "Noisiel 5th op"]
[Site "Noisiel"]
[Date "2020.02.18"]
[Round "6"]
[White "Moussard, Jules"]
[Black "Velten, Paul"]
[Result "1/2-1/2"]
[WhiteElo "2608"]
[BlackElo "2483"]
[PlyCount "126"]
[EventDate "2020.02.15"]
[EventType "swiss"]
[EventRounds "9"]
[EventCountry "FRA"]

1. e4 c6 2. Nc3 d5 3. Nf3 Bg4 4. h3 Bxf3 5. Qxf3 e6 6. Be2 g6 7. O-O Bg7 8. Rd1
Ne7 9. d4 O-O 10. Bf1 Nd7 11. Ne2 Nf6 12. e5 Nd7 13. Qb3 Qc7 14. c3 c5 15. Nf4
Rfc8 16. h4 h5 17. g3 Qb6 18. Qa4 Nf8 19. b3 cxd4 20. cxd4 Nc6 21. Ba3 Qa5 22.
Qxa5 Nxa5 23. Bd3 Nc6 24. Ne2 Nd7 25. Rac1 Bf8 26. Bb2 Bh6 27. Rc3 Nb4 28. Bb1
Rxc3 29. Bxc3 Nc6 30. f3 Rc8 31. Kg2 Bf8 32. g4 hxg4 33. fxg4 Bb4 34. Bb2 Kg7
35. Nf4 Rh8 36. Kg3 Be7 37. g5 Nf8 38. Kg4 Bd8 39. Bc3 Ne7 40. Rh1 Nf5 41. h5
Ne7 42. Kf3 Nf5 43. h6+ Kh7 44. Rg1 Bb6 45. Ne2 Nd7 46. Rd1 Rc8 47. Be1 Nb8 48.
Bf2 Nc6 49. Bxf5 gxf5 50. Nf4 Ne7 51. Rd3 Rc2 52. a4 Nc6 53. Ne2 Nb4 54. Rc3
Rxc3+ 55. Nxc3 a6 56. Ne2 Nc6 57. Be3 Ba7 58. Bg1 Bb6 59. Be3 Ba7 60. Bg1 Bb6
61. Kg3 Ne7 62. Nc1 Nc6 63. Ne2 Na5 1/2-1/2

[Event "Noisiel 5th op"]
[Site "Noisiel"]
[Date "2020.02.18"]
[Round "6"]
[White "Bailet, Pierre"]
[Black "Bonte, Andrei Mihai"]
[Result "1-0"]
[WhiteElo "2506"]
[BlackElo "2302"]
[PlyCount "57"]
[EventDate "2020.02.15"]
[EventType "swiss"]
[EventRounds "9"]
[EventCountry "FRA"]

1. e4 c5 2. Nf3 Nc6 3. Bb5 g6 4. O-O Bg7 5. Re1 Nf6 6. e5 Nd5 7. Nc3 Nc7 8.
Bxc6 dxc6 9. Ne4 Ne6 10. d3 O-O 11. Be3 b6 12. Qd2 Nd4 13. Nxd4 cxd4 14. Bh6 c5
15. h4 Bb7 16. Re2 Qd5 17. Bxg7 Kxg7 18. Qf4 f5 19. exf6+ exf6 20. f3 Rae8 21.
Rae1 Re6 22. h5 g5 23. Qc7+ Rf7 24. h6+ Kg6 25. Qb8 Rfe7 26. Nxf6 Rxe2 27. Rxe2
Qf7 28. Qd6 Rxe2 29. Ne4+ 1-0

[Event "Noisiel 5th op"]
[Site "Noisiel"]
[Date "2020.02.18"]
[Round "6"]
[White "Pozdnjakov, Viatcheslav"]
[Black "Hansen, Mads"]
[Result "0-1"]
[WhiteElo "2295"]
[BlackElo "2394"]
[PlyCount "74"]
[EventDate "2020.02.15"]
[EventType "swiss"]
[EventRounds "9"]
[EventCountry "FRA"]

1. d4 d5 2. Nf3 Nf6 3. e3 e6 4. Bd3 Be7 5. b3 b6 6. Ne5 Bb7 7. O-O O-O 8. Bb2
Nbd7 9. f4 Ne4 10. c4 Ndf6 11. Qe2 c5 12. Rd1 cxd4 13. exd4 a5 14. a4 Bb4 15.
Qe3 Ne8 16. Na3 f6 17. Nf3 N8d6 18. Nc2 Nf5 19. Qe2 Bd6 20. Nd2 Bxf4 21. Nxe4
dxe4 22. Bxe4 Bxh2+ 23. Kxh2 Qc7+ 24. Kg1 Ng3 25. Bxh7+ Kxh7 26. Qxe6 Rae8 27.
Qh3+ Kg8 28. d5 Bc8 29. Qh2 Qf4 30. Bc1 Ne2+ 31. Kh1 Qf2 32. Bf4 Qxf4 33. Qxf4
Nxf4 34. Rd4 Ne2 35. Rd2 Kf7 36. g3 Nxg3+ 37. Kg2 Ne4 0-1

[Event "Noisiel 5th op"]
[Site "Noisiel"]
[Date "2020.02.18"]
[Round "6"]
[White "Meillon, Judicael"]
[Black "Jonkman, Harmen"]
[Result "0-1"]
[WhiteElo "2051"]
[BlackElo "2385"]
[PlyCount "174"]
[EventDate "2020.02.15"]
[EventType "swiss"]
[EventRounds "9"]
[EventCountry "FRA"]

1. e4 e5 2. f4 d5 3. exd5 exf4 4. Nf3 Nf6 5. Nc3 Nxd5 6. Qe2+ Be6 7. Nxd5 Qxd5
8. d4 Qf5 9. g4 Qa5+ 10. Bd2 Bb4 11. c3 Be7 12. Bxf4 O-O 13. Ne5 c5 14. dxc5
Qxc5 15. Bg2 Nc6 16. Nd3 Bh4+ 17. Bg3 Bxg3+ 18. hxg3 Qg5 19. Be4 h6 20. Nf2 g6
21. Bxc6 bxc6 22. Ne4 Qe5 23. g5 hxg5 24. O-O-O Kg7 25. Qe3 Rh8 26. Rhe1 Bxa2
27. Rd7 a5 28. Qf2 Rae8 29. Rd2 Bd5 30. Rde2 Bxe4 31. Rxe4 Qxe4 32. Rxe4 Rxe4
33. Kb1 a4 34. Ka2 Rh1 35. Qc5 Rh2 36. Qxg5 Ree2 37. Ka3 Rxb2 38. Qe5+ Kh7 39.
Qe7 Rbf2 40. Kxa4 Rf5 41. Qc7 Rg2 42. Qd8 Rgf2 43. Kb3 Rd5 44. Qc8 Rf3 45. Kb4
c5+ 46. Kc4 Rdd3 47. Qh3+ Kg7 48. Kxc5 Rxg3 49. Qh4 Rxc3+ 50. Kb6 Rb3+ 51. Kc7
Rgc3+ 52. Kd7 Rd3+ 53. Kc7 Rbc3+ 54. Kb7 Rd7+ 55. Kb6 Rd6+ 56. Kb7 Rc5 57. Qg3
Rcd5 58. Kc7 g5 59. Kb7 Kg6 60. Qh2 f6 61. Kc7 Rd7+ 62. Kc6 R7d6+ 63. Kc7 Rd4
64. Qh1 g4 65. Qh4 Rd7+ 66. Kc6 R7d6+ 67. Kc7 f5 68. Qh8 Rd7+ 69. Kc6 Rd8 70.
Qe5 R4d6+ 71. Kc7 R8d7+ 72. Kc8 Kg5 73. Qe3+ Kh5 74. Qe8+ Kh4 75. Qh8+ Kg5 76.
Qg8+ Kf4 77. Qc4+ Rd4 78. Qc1+ Rd2 79. Qh1 Kg5 80. Qe1 R7d5 81. Kb7 g3 82. Qe7+
Kg4 83. Qg7+ Kf3 84. Qh6 Rd7+ 85. Kc8 Rd8+ 86. Kc7 R2d7+ 87. Kc6 Rd6+ 0-1

[Event "Noisiel 5th op"]
[Site "Noisiel"]
[Date "2020.02.18"]
[Round "6"]
[White "Shailesh, Dravid"]
[Black "Moreby, James"]
[Result "1-0"]
[WhiteElo "2269"]
[BlackElo "2235"]
[PlyCount "67"]
[EventDate "2020.02.15"]
[EventType "swiss"]
[EventRounds "9"]
[EventCountry "FRA"]

1. c4 c5 2. Nc3 Nc6 3. Nf3 g6 4. e3 Nf6 5. d4 cxd4 6. exd4 d5 7. cxd5 Nxd5 8.
Qb3 e6 9. Bb5 Bg7 10. Bg5 f6 11. Bd2 Kf7 12. O-O Na5 13. Qd1 a6 14. Bd3 Nc6 15.
Re1 Qd7 16. Rc1 Rd8 17. Ne4 b6 18. h4 h6 19. Nc3 Nde7 20. Bc4 Nxd4 21. Nxd4
Qxd4 22. Qb3 Qg4 23. Re4 Qf5 24. g4 Qf3 25. Bxe6+ Kf8 26. Re3 Qf4 27. Ne2 Bxe6
28. Qxe6 Qd6 29. Qxd6 Rxd6 30. Bb4 Rd7 31. Rxe7 Rxe7 32. Nf4 Kf7 33. Bxe7 Kxe7
34. Rc7+ 1-0

[Event "Noisiel 5th op"]
[Site "Noisiel"]
[Date "2020.02.18"]
[Round "6"]
[White "Bagheri, Amir"]
[Black "Degardin, Sylvain"]
[Result "1/2-1/2"]
[WhiteElo "2361"]
[BlackElo "2259"]
[PlyCount "73"]
[EventDate "2020.02.15"]
[EventType "swiss"]
[EventRounds "9"]
[EventCountry "FRA"]

1. d4 Nf6 2. Nf3 g6 3. Bf4 Bg7 4. e3 O-O 5. h3 b6 6. Nbd2 Bb7 7. c3 d6 8. Bc4
Nbd7 9. O-O e6 10. Qe2 a6 11. a4 a5 12. Bb5 Qe7 13. e4 e5 14. Bh2 c6 15. Bd3
Rfe8 16. Rfe1 Qd8 17. Nc4 Qc7 18. Qc2 Rab8 19. b3 h6 20. Red1 Nh7 21. Bf1 Rbd8
22. Qc1 h5 23. Ra2 f6 24. dxe5 Nxe5 25. Nd4 Nf8 26. Bf4 Kh7 27. Ne3 Ne6 28.
Nxe6 Rxe6 29. c4 Nd7 30. f3 Nc5 31. Qb1 Qe7 32. Nc2 d5 33. Nd4 dxe4 34. Nxe6
Rxd1 35. Qxd1 Nxe6 36. Be3 f5 37. Rd2 1/2-1/2

[Event "Noisiel 5th op"]
[Site "Noisiel"]
[Date "2020.02.18"]
[Round "6"]
[White "D'Cunha, Viani Antonio"]
[Black "Vinodh, Kumar B"]
[Result "1-0"]
[WhiteElo "2403"]
[BlackElo "2034"]
[PlyCount "63"]
[EventDate "2020.02.15"]
[EventType "swiss"]
[EventRounds "9"]
[EventCountry "FRA"]

1. e4 e6 2. d4 d5 3. Nc3 Bb4 4. e5 c5 5. a3 Bxc3+ 6. bxc3 Qa5 7. Bd2 Qa4 8. Qg4
g6 9. Nf3 h6 10. c4 Nc6 11. Bd3 Bd7 12. dxc5 Nge7 13. h3 dxc4 14. Qxc4 Qxc4 15.
Bxc4 g5 16. O-O O-O-O 17. Bc3 Rhg8 18. Nd2 Nd5 19. Bb2 Na5 20. Bd3 Nf4 21. Bc3
Nc6 22. Ne4 Kc7 23. Nd6 Rdf8 24. Rab1 Bc8 25. g3 Nxh3+ 26. Kg2 g4 27. f4 h5 28.
Be4 Rg7 29. Rb3 h4 30. Rfb1 hxg3 31. Kxg3 Rh8 32. Rxb7+ 1-0

[Event "Noisiel 5th op"]
[Site "Noisiel"]
[Date "2020.02.18"]
[Round "6"]
[White "Popov, Konstantin"]
[Black "Labrande, Theodore"]
[Result "1-0"]
[WhiteElo "2391"]
[BlackElo "2021"]
[PlyCount "111"]
[EventDate "2020.02.15"]
[EventType "swiss"]
[EventRounds "9"]
[EventCountry "FRA"]

1. e4 c5 2. Nf3 Nc6 3. d4 cxd4 4. Nxd4 Nf6 5. Nc3 e5 6. Ndb5 d6 7. Bg5 a6 8.
Na3 b5 9. Bxf6 gxf6 10. Nd5 f5 11. g3 fxe4 12. Bg2 Be6 13. Bxe4 Rc8 14. c3 Bg7
15. Qh5 Ne7 16. Rd1 Nxd5 17. Bxd5 O-O 18. Nc2 Qd7 19. Ne3 f5 20. O-O Kh8 21.
Rd2 Rf6 22. Rfd1 Rd8 23. Bxe6 Qxe6 24. Nd5 Rh6 25. Qg5 Rd7 26. f4 Qf7 27. fxe5
dxe5 28. Ne3 Rxd2 29. Rxd2 Rf6 30. Rd8+ Bf8 31. Nd5 Re6 32. Rc8 Rd6 33. Qe7
Qxe7 34. Nxe7 Rd1+ 35. Kf2 Kg7 36. Nxf5+ Kf7 37. Rc7+ Ke6 38. Ne3 Rd2+ 39. Kf3
Rxb2 40. Rc6+ Bd6 41. Rxa6 Rxh2 42. c4 Kd7 43. cxb5 e4+ 44. Kxe4 Bxg3 45. Ra7+
Kc8 46. Rg7 Bb8 47. a4 Ra2 48. Kd5 Rxa4 49. Kc6 Rd4 50. b6 Rd6+ 51. Kc5 Rd7 52.
Rg8+ Rd8 53. Rg4 Bc7 54. bxc7 Kxc7 55. Rg7+ Rd7 56. Nd5+ 1-0

[Event "Noisiel 5th op"]
[Site "Noisiel"]
[Date "2020.02.18"]
[Round "6"]
[White "Jeet, Jain"]
[Black "Macon, Arthur"]
[Result "1-0"]
[WhiteElo "2223"]
[BlackElo "2343"]
[PlyCount "83"]
[EventDate "2020.02.15"]
[EventType "swiss"]
[EventRounds "9"]
[EventCountry "FRA"]

1. e4 c6 2. d4 d5 3. e5 Bf5 4. h4 h5 5. Bd3 Bxd3 6. Qxd3 e6 7. Bg5 Qb6 8. Nd2
Ne7 9. Ne2 Qa6 10. c4 Nd7 11. O-O Ng6 12. f4 Ne7 13. Bxe7 Bxe7 14. f5 O-O-O 15.
fxe6 fxe6 16. Nf4 Rh6 17. cxd5 Qxd3 18. Nxd3 exd5 19. Rf7 Bxh4 20. Nf3 Bg3 21.
Rxg7 h4 22. Ng5 Rf8 23. Nf7 Re6 24. Nd6+ Rxd6 25. exd6 Bxd6 26. Re1 Nf6 27. Rf1
Nd7 28. Rxf8+ Nxf8 29. Rg4 Be7 30. Nf4 Kd7 31. Ng6 Nxg6 32. Rxg6 c5 33. dxc5
Bxc5+ 34. Kf1 Bd4 35. b3 Be5 36. Ke2 a5 37. Rh6 Bg3 38. Ke3 b5 39. Kd4 a4 40.
bxa4 bxa4 41. Ra6 Kc7 42. Kxd5 1-0

[Event "Noisiel 5th op"]
[Site "Noisiel"]
[Date "2020.02.18"]
[Round "6"]
[White "Parnali, S Dharia"]
[Black "Houhou, Alexandre"]
[Result "1-0"]
[WhiteElo "2275"]
[BlackElo "2014"]
[PlyCount "129"]
[EventDate "2020.02.15"]
[EventType "swiss"]
[EventRounds "9"]
[EventCountry "FRA"]

1. d4 Nf6 2. c4 g6 3. Nc3 d5 4. cxd5 Nxd5 5. Bd2 Bg7 6. e4 Nxc3 7. Bxc3 O-O 8.
Bc4 c5 9. Ne2 cxd4 10. Nxd4 Nc6 11. Nxc6 Bxc3+ 12. bxc3 bxc6 13. Qa4 Qc7 14.
O-O Rd8 15. h4 Bg4 16. f3 Bd7 17. Qa3 c5 18. Rad1 Be6 19. Bxe6 fxe6 20. Qa6 Rd6
21. Rxd6 exd6 22. Rd1 Rd8 23. e5 Qb6 24. Qxb6 axb6 25. Rb1 Rb8 26. exd6 Kf7 27.
c4 Ke8 28. a4 Kd7 29. a5 Kxd6 30. Kf2 Kc7 31. Rb5 bxa5 32. Rxc5+ Kd6 33. Rxa5
Rc8 34. Ra7 Rh8 35. Ke3 Ke5 36. g4 h6 37. Ra5+ Kd6 38. Ra6+ Ke5 39. f4+ Kf6 40.
Ke4 Rc8 41. g5+ hxg5 42. hxg5+ Ke7 43. Kd4 Rf8 44. Ra7+ Kd6 45. c5+ Kc6 46.
Ra6+ Kd7 47. Ke4 Rf5 48. Ra7+ Ke8 49. Rg7 Rxc5 50. Rxg6 Kf7 51. Rf6+ Ke7 52.
Rh6 Rc4+ 53. Ke5 Rc5+ 54. Kd4 Rf5 55. Rh7+ Kd6 56. Ke4 Ra5 57. g6 Ra1 58. Rf7
Re1+ 59. Kf3 Rg1 60. g7 Kd5 61. Rd7+ Kc6 62. Ra7 Kd6 63. Ke3 Kd5 64. Ra5+ Kd6
65. Rg5 1-0

[Event "Noisiel 5th op"]
[Site "Noisiel"]
[Date "2020.02.18"]
[Round "6"]
[White "Ahmed Holi Ali, Moawia"]
[Black "Sahil, Tickoo"]
[Result "1-0"]
[WhiteElo "2121"]
[BlackElo "2275"]
[PlyCount "105"]
[EventDate "2020.02.15"]
[EventType "swiss"]
[EventRounds "9"]
[EventCountry "FRA"]

{[%evp 0,48,19,31,14,30,28,20,33,18,18,25,36,13,7,7,17,12,25,13,11,-5,19,18,23,
-1,14,1,18,11,18,22,22,18,16,16,13,8,9,2,3,5,28,7,24,29,24,19,21,7,7]} 1. d4
Nf6 2. Nf3 e6 3. g3 b6 4. Bg2 Bb7 5. O-O Be7 6. c4 O-O 7. Nc3 Ne4 8. Qc2 Nxc3
9. bxc3 Nc6 10. Nd2 Na5 11. Bxb7 Nxb7 12. a4 Na5 13. Qd3 Qc8 14. Ba3 Bxa3 15.
Rxa3 Qa6 16. Rb1 d5 17. cxd5 Qxd3 18. exd3 exd5 19. Re1 Rfe8 20. Raa1 Kf8 21.
Re3 Rxe3 22. fxe3 Ke7 23. Kf2 Kd6 24. Rc1 f5 25. Ke2 Rb8 26. Kf2 Ke6 27. e4
fxe4 28. dxe4 dxe4 29. Ke3 Nb7 30. Kxe4 Nd6+ 31. Kd3 c6 32. Re1+ Kd7 33. c4 Rd8
34. g4 Rf8 35. Rf1 Rxf1 36. Nxf1 b5 37. axb5 cxb5 38. c5 Nb7 39. Ne3 a5 40. Kc3
Kc6 41. Nf5 g6 42. Ne7+ Kc7 43. h4 Kd8 44. Nd5 h6 45. Nf4 g5 46. hxg5 hxg5 47.
Ne6+ Kd7 48. Nxg5 Kc6 49. Nf7 Nxc5 50. Ne5+ Kd5 51. dxc5 Kxe5 52. g5 a4 53. g6
1-0

[Event "Noisiel 5th op"]
[Site "Noisiel"]
[Date "2020.02.18"]
[Round "6"]
[White "Toure, Vasanth"]
[Black "Bassini, Emile"]
[Result "0-1"]
[WhiteElo "2115"]
[BlackElo "2244"]
[PlyCount "56"]
[EventDate "2020.02.15"]
[EventType "swiss"]
[EventRounds "9"]
[EventCountry "FRA"]

1. e4 c5 2. Nf3 d6 3. d4 cxd4 4. Nxd4 Nf6 5. Nc3 a6 6. h4 e5 7. Nb3 Be6 8. f4
exf4 9. Bxf4 Nc6 10. Qd2 Be7 11. O-O-O Ne5 12. Nd4 g6 13. Nxe6 fxe6 14. Bxe5
dxe5 15. Qe3 Qc7 16. Be2 Rc8 17. g4 Bc5 18. Qd3 Bd4 19. h5 g5 20. Nb1 Ke7 21.
c3 Qa5 22. Nd2 Qxa2 23. Qb1 Qa4 24. Qc2 Qa1+ 25. Qb1 Rxc3+ 26. bxc3 Qxc3+ 27.
Qc2 Qa3+ 28. Kb1 Qa1# 0-1

[Event "Noisiel 5th op"]
[Site "Noisiel"]
[Date "2020.02.18"]
[Round "6"]
[White "Gavasheli, Ana"]
[Black "Mota, Pankit"]
[Result "1-0"]
[WhiteElo "2232"]
[BlackElo "2048"]
[PlyCount "69"]
[EventDate "2020.02.15"]
[EventType "swiss"]
[EventRounds "9"]
[EventCountry "FRA"]

1. c4 e5 2. Nc3 Nf6 3. g3 d5 4. cxd5 Nxd5 5. Bg2 Nb6 6. Nf3 Nc6 7. O-O Be7 8.
a3 O-O 9. b4 Be6 10. d3 f6 11. Bb2 Qd7 12. Rc1 Rad8 13. Ne4 Rfe8 14. Nc5 Bxc5
15. Rxc5 Nc4 16. Qc2 Nxb2 17. Qxb2 b6 18. Rc2 Ne7 19. Rfc1 c6 20. Nd2 Bd5 21.
Bxd5+ Qxd5 22. a4 f5 23. Nc4 e4 24. dxe4 Qxe4 25. Ne5 h6 26. Rc4 Qd5 27. Nxc6
Nxc6 28. Rxc6 f4 29. Rc7 Qg5 30. Rxa7 fxg3 31. hxg3 Rd6 32. Qb3+ Kh8 33. Rcc7
Rxe2 34. Rc8+ Kh7 35. Qg8+ 1-0

[Event "Noisiel 5th op"]
[Site "Noisiel"]
[Date "2020.02.18"]
[Round "6"]
[White "Dubourg, Pierrick"]
[Black "Mohite, Ranveer"]
[Result "0-1"]
[WhiteElo "1965"]
[BlackElo "2231"]
[PlyCount "66"]
[EventDate "2020.02.15"]
[EventType "swiss"]
[EventRounds "9"]
[EventCountry "FRA"]

1. e4 c5 2. Nf3 d6 3. d4 cxd4 4. Nxd4 Nf6 5. Nc3 Nc6 6. f3 e5 7. Nb3 Be7 8. Be3
O-O 9. Qd2 a5 10. Bb5 Be6 11. O-O-O Nb4 12. a3 Qc7 13. Kb1 d5 14. axb4 d4 15.
Nd5 Bxd5 16. exd5 dxe3 17. Qxe3 Bxb4 18. Nc1 Bc5 19. Qe2 a4 20. Rhe1 Bd6 21. c4
Ra5 22. Nd3 a3 23. Nxe5 axb2 24. Qxb2 Rfa8 25. Nd3 Qb6 26. Nc1 Ba3 27. Qd4
Rxb5+ 28. cxb5 Qxb5+ 29. Kc2 Rc8+ 30. Kd2 Bb4+ 31. Ke3 Bc5 32. d6 Bxd4+ 33.
Rxd4 Qe5+ 0-1

[Event "Noisiel 5th op"]
[Site "Noisiel"]
[Date "2020.02.18"]
[Round "6"]
[White "Helfer, Remi"]
[Black "Roebers, Jan"]
[Result "0-1"]
[WhiteElo "2017"]
[BlackElo "2188"]
[PlyCount "72"]
[EventDate "2020.02.15"]
[EventType "swiss"]
[EventRounds "9"]
[EventCountry "FRA"]

1. e4 c6 2. Nc3 d5 3. Nf3 Bg4 4. h3 Bxf3 5. Qxf3 e6 6. d3 Nd7 7. a3 g6 8. g3
Bg7 9. Bd2 Ne7 10. Bg2 O-O 11. Qe2 Qb6 12. Rb1 Rae8 13. O-O f5 14. b4 Nf6 15.
Na4 Qc7 16. Nc5 Qc8 17. e5 Nh5 18. d4 f4 19. g4 f3 20. Bxf3 Nf4 21. Qd1 Nxh3+
22. Kh2 Nf4 23. g5 b6 24. Nb3 h6 25. Rg1 hxg5 26. Rxg5 Bh6 27. Qg1 Bxg5 28.
Qxg5 Rf5 29. Qh6 Rf7 30. Bxf4 Rh7 31. Qxh7+ Kxh7 32. Rh1 Rh8 33. Bg5 Kg7+ 34.
Kg2 Rxh1 35. Bf6+ Kf7 36. Kxh1 Qa6 0-1

[Event "Noisiel 5th op"]
[Site "Noisiel"]
[Date "2020.02.18"]
[Round "6"]
[White "Godebert, Florian"]
[Black "Koulitchenko, Alexandre"]
[Result "1-0"]
[WhiteElo "2002"]
[BlackElo "2181"]
[PlyCount "115"]
[EventDate "2020.02.15"]
[EventType "swiss"]
[EventRounds "9"]
[EventCountry "FRA"]

1. d4 Nf6 2. Bg5 Ne4 3. Bf4 d5 4. Nd2 Bf5 5. Nxe4 Bxe4 6. e3 e6 7. f3 Bg6 8. h4
h6 9. h5 Bh7 10. Bd3 Bxd3 11. Qxd3 c5 12. Qb5+ Qd7 13. Qxd7+ Nxd7 14. Ne2 Be7
15. g4 Rc8 16. c3 cxd4 17. exd4 b5 18. a3 Nb6 19. Nc1 a5 20. Nd3 O-O 21. O-O
Nc4 22. Rf2 Rc6 23. Re2 Rb6 24. Nc5 Rc6 25. Nd7 Rd8 26. Ne5 Nxe5 27. dxe5 d4
28. cxd4 Rxd4 29. Be3 Rd5 30. f4 a4 31. Kf2 Rd3 32. Kf3 Rb3 33. Kf2 Rc4 34. Rd1
b4 35. axb4 Rcxb4 36. Rdd2 f6 37. Rd7 Rb7 38. Rxb7 Rxb7 39. Bd4 Kf7 40. exf6
Bxf6 41. Bxf6 gxf6 42. Rc2 Ke7 43. Kg3 Kd6 44. Rd2+ Kc5 45. Re2 Kd5 46. g5 Rb3+
47. Kg4 hxg5 48. fxg5 Rb4+ 49. Kg3 fxg5 50. h6 Rh4 51. Rh2 Rb4 52. h7 Rb3+ 53.
Kg4 Rb4+ 54. Kxg5 Rb8 55. h8=Q Rxh8 56. Rxh8 Kc4 57. Kf6 Kb3 58. Rb8+ 1-0

[Event "Noisiel 5th op"]
[Site "Noisiel"]
[Date "2020.02.18"]
[Round "6"]
[White "Bouton, Christophe"]
[Black "Schmit, Vincent"]
[Result "0-1"]
[WhiteElo "2001"]
[BlackElo "2171"]
[PlyCount "78"]
[EventDate "2020.02.15"]
[EventType "swiss"]
[EventRounds "9"]
[EventCountry "FRA"]

1. Nf3 Nf6 2. c4 g6 3. Nc3 Bg7 4. e4 d6 5. d4 O-O 6. Be2 e5 7. O-O exd4 8. Nxd4
Re8 9. f3 Nc6 10. Nc2 Nh5 11. g4 Bxc3 12. bxc3 Ng7 13. Nd4 h5 14. Nxc6 bxc6 15.
gxh5 Nxh5 16. Rf2 Qh4 17. Qd2 Nf6 18. Qg5 Qxg5+ 19. Bxg5 Nd7 20. Rb1 c5 21. Bd1
Nb6 22. Bb3 Kg7 23. h4 Ba6 24. Kh2 Rab8 25. Rg1 Bxc4 26. Kg3 a5 27. Bc1 Re5 28.
Rh1 a4 29. Bd1 Rh8 30. Rfh2 Bb5 31. Rb2 Bc4 32. Bf4 Reh5 33. Rxb6 cxb6 34. Bxd6
g5 35. Bxa4 gxh4+ 36. Kf4 Ra8 37. Bb3 Bxb3 38. axb3 Kf6 39. Ke3 Ra3 0-1

[Event "Noisiel 5th op"]
[Site "Noisiel"]
[Date "2020.02.18"]
[Round "6"]
[White "Boulos, Carlos"]
[Black "Azymah, Remy"]
[Result "1-0"]
[WhiteElo "2137"]
[BlackElo "1932"]
[PlyCount "113"]
[EventDate "2020.02.15"]
[EventType "swiss"]
[EventRounds "9"]
[EventCountry "FRA"]

1. e4 c5 2. Nf3 d6 3. Bb5+ Nd7 4. Ba4 a6 5. c4 Qc7 6. O-O Ngf6 7. d3 e6 8. Nc3
Be7 9. h3 O-O 10. Be3 b6 11. Qe2 Bb7 12. Bf4 Rfd8 13. a3 Bc6 14. Bc2 Ne5 15.
Nd2 Ng6 16. Bg3 Qb7 17. f4 b5 18. Rab1 b4 19. axb4 cxb4 20. Nd1 a5 21. d4 b3
22. Bd3 a4 23. d5 exd5 24. exd5 Be8 25. Re1 Bf8 26. Nc3 Bd7 27. Nde4 Nxe4 28.
Nxe4 Re8 29. Qh5 h6 30. Kh2 a3 31. bxa3 Rxa3 32. Re2 Rea8 33. Reb2 Ba4 34. Qg4
Kh8 35. h4 Bd7 36. Qf3 f5 37. Nd2 Be7 38. Qh5 Nf8 39. Rxb3 Rxb3 40. Rxb3 Qc8
41. Qf7 Bf6 42. Bf2 Ra2 43. Be3 Qd8 44. h5 Ra1 45. Nf3 Rd1 46. Ba7 Qe7 47. Qxe7
Bxe7 48. Be2 Rc1 49. Bd4 Kh7 50. Rb7 g6 51. Bb2 Rb1 52. Bd3 Rd1 53. Bc2 Rf1 54.
c5 dxc5 55. hxg6+ Nxg6 56. Rxd7 Rf2 57. Bxf5 1-0